Estatísticas para Países por pessoa famosa

Clique aqui para jogar o quiz

Estatísticas Gerais

  • Esse quiz foi jogado 188 vezes
  • A pontuação média é 28 de 45

Estatísticas das Respostas

PessoaPaís% Correto
Elvis PresleyEstados Unidos
97%
Joana D'Arc PohanFrança
97%
Masashi KishimotoJapão
97%
Jorge AmadoBrasil
95%
Pablo PicassoEspanha
94%
Leonardo da VinciItália
94%
Luís de CamõesPortugal
94%
Yuri GagarinRússia
94%
ConfúcioChina
93%
Mahatma GandhiÍndia
89%
Charles ChaplinReino Unido
89%
Ludwig Van BeethovenAlemanha
88%
Vincent Van GoghPaíses Baixos
87%
Nelson MandelaÁfrica do Sul
86%
CleópatraEgito
86%
Wolfgang Amadeus MozartÁustria
83%
PitágorasGrécia
83%
Frida KahloMéxico
83%
Alfred NobelSuécia
82%
Patrick WhiteArgentina
81%
Jorge Luís BorgesArgentina
81%
Maude AbbottCanadá
74%
Sumi JuCoreia do Sul
73%
Nicolau CopérnicoPolônia
73%
George LemaîreBélgica
66%
Joahana SypriSuíça
66%
Ivan MeštrovićCroácia
60%
Gengis KhanMongólia
60%
Minna CanthFinlândia
52%
Orhan PamukTurquia
50%
Alejandro JodorowskyChile
49%
Constantin BrâncușiRomênia
47%
Sunthorn PhuTailândia
43%
Halldór LaxnessIslândia
42%
Edmund HillaryNova Zelândia
40%
Antonín DvořákRepública Tcheca
37%
Yma SumacPeru
33%
Oswaldo GuayasamínEquador
22%
Leon AfrykańskiMarrocos
22%
Kofi AnnanGana
15%
Rasem BadramJordânia
12%
Bi KidudeTanzânia
8%
Hosea KutakoNamíbia
5%
Kamisese MaraFiji
3%
Jean-Joseph RabeariveloMadagascar
3%

Distribuição das Pontuações

Percentil de Números Respondidos

Porcentagem de Pessoas com Cada Pontuação

Sua Pontuação Histórica

Você não jogou esse quiz